Les 10 prénoms masculins les plus donnés au XXème siècle - Statistiques

Statistiques générales
  • Ce quiz a été pris 219 fois
  • Le résultat moyen est 4 sur 10
Statistiques - réponses
Hint Réponse % Correct
1 Jean
90%
2 Pierre
66%
3 Michel
52%
8 Jacques
48%
9 Bernard
36%
5 Philippe
33%
4 André
29%
7 Alain
28%
6 René
23%
10 Marcel
19%
Aucun quiz correspondant
Distribution des résultats
% des personnes avec chaque résultat
Percentile par nombre de réponses
Votre historique - résultats
Vous n’avez pas pris ce quiz